Efficiency and Economy of the Use of Public Finances in the Context of Control

Enregistré dans:
Détails bibliographiques
Auteur principal: Lukáč, Jozef, 1991-
Autres auteurs: Novotný, Marcel, 1979-
Format: Chapitre de livre
Langue:anglais
Sujets:
Tags: Ajouter un tag
Pas de tags, Soyez le premier à ajouter un tag!

MARC

LEADER 00000naa$a2200000$$$4500
001 0281363
005 20240502074358.9
041 0 |a eng 
044 |a SK 
245 1 0 |a Efficiency and Economy of the Use of Public Finances in the Context of Control  |c Jozef Lukáč, Marcel Novotný 
500 |a abstrakt 
610 2 0 |a financie verejné 
610 2 0 |a kontrola 
610 2 0 |a efektívnosť 
610 2 0 |a hospodárnosť 
610 2 0 |a organizácie rozpočtové 
610 2 0 |a obce 
610 2 0 |a mestá 
100 1 |a Lukáč, Jozef, 1991- 
700 1 |a Novotný, Marcel, 1979-